Carreras Tec de Monterrey - Estadísticas

Estadísticas generales
  • Esta prueba ha sido intentada 9 veces
  • La puntuación promedio es 19 de 46
Estadísticas de respuestas
Avenida Siglas Carrera % Correcto
Ambiente Construido ARQ Arquitectura
100%
Estudios Creativos ARQ Arquitectura
100%
Derecho, Economía y Relaciones Internacionales LED Licenciatura en Derecho
100%
Salud MC Medico Cirujano
89%
Ambiente Construido IC Ingeniería Civil
78%
Innovación y Transformación IC Ingeniería Civil
78%
Bioingeniería y Proceso Químicos IQ Ingeniería Química
78%
Ciencias Aplicadas IFI Ingeniería en Física Industrial
67%
Innovación y Transformación IIS Ingeniería Industrial y de Sistemas
67%
Salud LPS Licenciatura en Psicología Clínica y de la Salud
67%
Derecho, Economía y Relaciones Internacionales LRI Licenciatura en Relaciones Internacionales
67%
Bioingeniería y Proceso Químicos IBT Ingeniería en Biotecnología
56%
Innovación y Transformación IE Ingeniería en Electrónica
56%
Computación y Tecnologías de Información IRS Ingeniería en Robótica y Sistemas Digitales
56%
Negocios LCPF Licenciatura en Contaduría Pública y Finanzas
56%
Estudios Creativos LDI Licenciatura en Diseño
56%
Salud LNB Licenciatura en Nutrición y Bienestar Integral
56%
Salud MO Medico Cirujano Odontólogo
56%
Computación y Tecnologías de Información ITC Ingeniería en Tecnologías Computacionales
44%
Innovación y Transformación IM Ingeniería Mecánica
44%
Derecho, Economía y Relaciones Internacionales LEC Licenciatura en Economía
44%
Negocios LAF Licenciatura en Finanzas
44%
Bioingeniería y Proceso Químicos IAG Ingeniería en Biosistemas Agroalimentarios
33%
Innovación y Transformación IMT Ingeniería en Mecatrónica
33%
Estudios Creativos LC Licenciatura en Comunicación
33%
Negocios LDO Licenciatura en Desarrollo de Talento y Cultura Organizacional
33%
Estudios Creativos LLE Licenciatura en Letras Hispánicas
33%
Negocios LEM Licenciatura en Mercadotecnia
33%
Estudios Creativos LTM Licenciatura en Tecnología y Producción Musical
33%
Ambiente Construido LUB Licenciatura en Urbanismo
33%
Innovación y Transformación IMD Ingeniería Biomédica
22%
Bioingeniería y Proceso Químicos IAL Ingeniería en Alimentos
22%
Bioingeniería y Proceso Químicos IDS Ingeniería en Desarrollo Sustentable
22%
Ciencias Aplicadas IDM Ingeniería en Ciencia de Datos y Matemáticas
11%
Innovación y Transformación IID Ingeniería en Innovación y Desarrollo
11%
Ciencias Aplicadas INA Ingeniería en Nanotecnología
11%
Computación y Tecnologías de Información ITD Ingeniería en Transformación Digital de Negocios
11%
Estudios Creativos LAD Licenciatura en Arte Digital
11%
Salud LBC Licenciatura en Biociencias
11%
Derecho, Economía y Relaciones Internacionales LTP Licenciatura en Gobierno y Transformación Pública
11%
Negocios LDE Licenciatura en Emprendimiento
0%
Negocios LAE Licenciatura en Estrategia y Transformación de Negocios
0%
Estudios Creativos LEI Licenciatura en Innovación Educativa
0%
Negocios LIT Licenciatura en Inteligencia de Negocios
0%
Negocios LIN/BGB Licenciatura en Negocios Internacionales
0%
Estudios Creativos LPE Licenciatura en Periodismo
0%
No se encontraron pruebas coincidentes
Distribución de puntuación
Porcentaje de gente con cada puntuación
Porcentaje por número respondido
Historial de tus puntuaciones
No has intentado esta prueba.